000 00310nam a22001337a 4500
008 170619b xxu||||| |||| 00| 0 eng d
020 _a9780803292291
041 _aeng
080 _a94
100 _a16
101 _aSHH
245 _aTHE WAR AGAINST WOMEN IN BOSNIA-HERZEGOVINA
_cFABER,M
942 _2udc
_cBK
999 _c18044
_d18044